[Event "Yerevan"]
[Site "Yerevan"]
[Date "1996.??.??"]
[Round "8"]
[White "Nikolic, Predrag"]
[Black "Svidler, Peter"]
[Result "1-0"]
[WhiteElo "2645"]
[BlackElo "2630"]
[Annotator "Dolmatov,S"]
[PlyCount "57"]
[EventDate "1996.04.??"]
[EventType "tourn"]
[EventRounds "11"]
[EventCountry "ARM"]
[EventCategory "15"]
[SourceTitle "CBM 053"]
[Source "ChessBase"]
[SourceDate "1996.08.01"]
[SourceVersion "1"]
[SourceVersionDate "1996.08.01"]
[SourceQuality "1"]

1. d4 {Nikolic Ftacnik} Nf6 2. Nf3 g6 3. g3 d5 4. Bg2 Bg7 5. O-O O-O 6. c4 c6
7. Nbd2 (7. b3 dxc4 8. bxc4 c5 9. Bb2 cxd4 10. Nxd4 Qb6 11. Nb3 Rd8 12. Qc1 Nc6
$10 {Nikolic-Khalifman/Erevan (06)/1996/1/2-1/2/ ;CBM 53}) 7... Ne4 8. b3 (8.
Qb3 a5 $132) 8... c5 (8... Nc3 $6 9. Qe1 c5 10. e3) (8... Nxd2 9. Qxd2 Bf5 $10)
9. Bb2 (9. e3 Nc6 10. Bb2 e6 11. Rb1 Qa5 12. Nxe4 dxe4 13. Ne5 $14 {Miles,
A-Sampouw/Surakarta/1982/}) 9... Nxd2 (9... cxd4 10. Nxd4 Nxd2 11. Qxd2 e5 12.
Nf3 d4 13. Rad1 Qc7 14. e3 dxe3 15. Qxe3 Nc6 16. Rfe1 Bg4 17. h3 Bxf3 18. Bxf3
Nd4 19. Bxd4 exd4 20. Qe7 {1-0 Kustar,S-Csicsay,I/HUN-chT2 9293/1993 (33)}) 10.
Qxd2 dxc4 11. bxc4 cxd4 12. Nxd4 (12. Bxd4 Bxd4 13. Qxd4 Nc6 14. Qh4 Qd6 15.
Rfd1 Qf6 16. Qxf6 exf6 17. Nd4 Nxd4 18. Rxd4 Rb8 19. c5 Be6 20. Ra4 b6 21. c6
a5 22. c7 Rbe8 23. Rc1 {1-0 Ekstroem,R-Brkovic,Z/Banja Luka (11)/1987 (29)})
12... Nc6 (12... Qb6 13. Rab1 Rd8 14. Qc2 Bxd4 15. Bxd4 Qxd4 16. Rfd1 $18) 13.
Rfd1 Nxd4 (13... Nxd4 $10 {Smyslov,V-Geller,E/Moscow/1955/}) 14. Bxd4 Qxd4 15.
Qxd4 Bxd4 16. Rxd4 Rb8 17. c5 Be6 18. Ra4 a6 $2 (18... Rfc8 $5 19. Rxa7 (19.
Rc1 a6 $10 20. c6 Bd7 $10) 19... Rxc5 20. Rxb7 Ra8 21. Rb2 (21. Rxe7 Rxa2 $10)
(21. Bf3 {Nikolic} Rxa2 (21... Bh3 $6 22. Rb2 Ra3 23. Rb8+ Kg7 24. Ra8 $16) 22.
Rxa2 Bxa2 23. Rxe7 h5) 21... Ra3 $10) 19. c6 (19. Rb1 Rfd8 20. h4 (20. Bxb7 $2
{Ftacnik} Rxb7 21. Rxb7 Rd1+ 22. Kg2 Bd5+ $19) 20... Bd5 21. Bxd5 Rxd5 22. Rxa6
Rxc5 23. Ra7 Rc2 24. Kf1 Kf8 25. a4 Ra2 26. f3 b5 {1/2-1/2 Smyslov,V-Geller,E 
(05)/URS-ch22 plof-1pl Moscow/1955/}) 19... bxc6 20. Rxa6 c5 (20... Ra8 $5 21.
Rxa8 Rxa8 22. a4 Ra6 (22... Bd5 {Ftacnik} 23. a5 $14) 23. a5 Bc4 24. e3 e5 $14)
21. a4 Rb2 (21... c4 {Nikolic} 22. Rc6 Rfc8 23. a5 c3 (23... Rxc6 $2 24. Bxc6
c3 25. a6 c2 26. Be4 Bf5 27. a7 $18) 24. Rc1 Rxc6 $1 (24... c2 $2 25. Rxc8+
Bxc8 (25... Rxc8 26. a6 Rd8 27. a7 Rd1+ 28. Bf1 Rxc1 (28... Bd5 29. Rxc2 Ra1
30. Rc7 $18) 29. a8=Q+ Kg7 30. Qa3 Rb1 31. Qc3+ f6 32. Qxc2 Re1 33. Kg2 $18)
26. Be4) 25. Bxc6 Rb3) 22. a5 c4 (22... Rfb8 23. Ra8 Rxa8 24. Bxa8 c4 25. a6 c3
26. a7 (26. Be4 {Ftacnik} c2 27. a7) 26... c2 27. Be4 $18) (22... Rxe2 {Ftacnik
} 23. Rc6 Rd8 24. a6 Red2 25. Bf3 Bd5 26. Bxd5 R2xd5 27. a7 Ra8 28. Rc7 Kf8 29.
Rb1 Rdd8 30. Rbb7 $16) 23. Rc6 (23. Ra8 $1 {Ftacnik} Rxa8 24. Bxa8 c3) 23...
Rfb8 (23... Ra8 $2 24. Rxe6 $18) (23... Rbb8 24. a6 $18) 24. Be4 Rxe2 $2 (24...
f5 $5 25. Rxe6 fxe4 26. Rxe4 c3 27. Rc4 c2 28. Rc1 Ra8 $14) (24... Bf5 {Nikolic
} 25. Bxf5 gxf5 26. Rxc4 Rb1+ 27. Rxb1 Rxb1+ 28. Kg2 Ra1 29. Rc5 e6) 25. Rb6 $1
Rd8 (25... Rxb6 {Ftacnik} 26. axb6 Rb2 (26... Rxe4 27. b7) 27. b7 $18) 26. Bf3
$18 Red2 27. a6 c3 (27... Bd5 {Ftacnik} 28. Bxd5 R2xd5 29. a7) 28. a7 c2 (28...
Rb2 {Ftacnik} 29. a8=Q $18) 29. Rb8 (29. Rb8 {Ftacnik} Kg7 30. a8=Q (30. Rxd8
Rxd8 31. a8=Q Rxa8 32. Bxa8) 30... Rd1+ 31. Kg2 (31. Bxd1 $2 cxd1=Q+ 32. Rxd1
Rxd1+ 33. Kg2 Bd5+) 31... Rb1 32. Raxb1 cxb1=Q 33. Rxb1 $18) 1-0

[Event "EU-Cup 13th final"]
[Site "Kazan"]
[Date "1997.12.30"]
[Round "3"]
[White "Wojtkiewicz, Aleksander"]
[Black "Krasenkow, Michal"]
[Result "1/2-1/2"]
[WhiteElo "2575"]
[BlackElo "2645"]
[Annotator "Epishin,V"]
[PlyCount "68"]
[EventDate "1997.12.28"]
[EventType "team-k.o."]
[EventRounds "4"]
[EventCountry "RUS"]
[SourceTitle "EXT 2020"]
[Source "ChessBase"]
[SourceDate "2019.10.17"]
[SourceVersion "1"]
[SourceVersionDate "2019.10.17"]
[SourceQuality "1"]
[WhiteTeam "Warszawa Polonia"]
[BlackTeam "Azov Ladya"]
[WhiteTeamCountry "POL"]
[BlackTeamCountry "RUS"]

1. Nf3 Nf6 2. c4 g6 3. g3 Bg7 4. Bg2 O-O 5. d4 c6 6. Nc3 d5 7. Qb3 dxc4 8. Qxc4
Bf5 9. O-O Nbd7 10. Re1 Ne4 11. Qb3 Nb6 12. a4 $146 a5 (12... Nxc3 $2 13. bxc3
Qd5 14. Qb4 $16) 13. Bf4 Ra6 $8 14. Ne5 (14. Rac1 $5 Qc8 (14... Nd5 $2 15. Nxd5
cxd5 16. Bc7 $16) (14... Nxc3 15. bxc3 Be6 16. c4 $1 $16) 15. Ne5 Nxc3 16. bxc3
$14) 14... Qxd4 15. e3 (15. Nxe4 Bxe5 16. Be3 Qc4 $17) 15... Nc5 16. Qxf7+ Rxf7
17. exd4 Bxe5 18. Bxe5 Nd3 19. Re2 Nc4 $132 20. Bc7 Ncxb2 21. Bd8 (21. h3 $5
Nc4 (21... e6 22. Bd8 Ra8 23. Bg5 h5 24. Ne4 $16) 22. g4 Bc8 23. Ne4 $36) 21...
Kf8 22. Ne4 Bxe4 23. Bxe4 Ke8 $1 $10 24. Bc7 e6 25. Bd6 Rd7 26. Ba3 Rxd4 27.
Bxb2 Nxb2 28. Rxb2 Rxe4 29. Rxb7 Rd4 $1 30. Rxh7 Rd7 31. Rh8+ Kf7 32. Rh7+ Ke8
33. Rh8+ Kf7 34. Rh7+ Ke8 1/2-1/2

[Event "Dortmund op-A"]
[Site "Dortmund"]
[Date "1992.??.??"]
[Round "9"]
[White "Stangl, Markus"]
[Black "Ernst, Thomas"]
[Result "1/2-1/2"]
[WhiteElo "2465"]
[BlackElo "2535"]
[Annotator "Ernst,T"]
[PlyCount "80"]
[EventDate "1992.04.??"]
[EventType "swiss"]
[EventRounds "11"]
[EventCountry "GER"]
[SourceTitle "CBM 029"]
[Source "ChessBase"]
[SourceDate "1992.08.01"]
[SourceVersion "1"]
[SourceVersionDate "1992.08.01"]
[SourceQuality "1"]

1. d4 Nf6 2. Nf3 g6 3. c4 Bg7 4. g3 c6 5. Nc3 d5 6. Qb3 Qb6 7. Bg2 O-O 8. O-O
Bf5 9. Ne5 Ng4 $1 10. Nxg4 Bxg4 11. Be3 dxc4 12. Qxc4 Na6 13. Rfc1 Bf5 14. a3 (
14. b3 Qb4 15. a3 Qxc4 16. bxc4 Rad8 17. Rd1 c5 $1 $10) (14. d5 Qb4 15. Qxb4
Nxb4 16. Bc5 Nxd5 $10) 14... Rac8 15. b4 (15. d5 c5 $132) 15... Nc7 16. Bf3 $1
(16. d5 $2 cxd5 17. Nxd5 Qd6 18. Nxc7 Bxa1 19. Bxb7 Bb2 20. Bxc8 Rxc8 $19)
16... Be6 17. Qd3 Nd5 18. Nxd5 (18. Na4 Qb5 19. Qxb5 cxb5 20. Nc5 Nxe3 21. fxe3
Bh6 22. Kf2 b6 23. Nxe6 fxe6 $10) 18... Bxd5 19. Bxd5 cxd5 20. Rc5 $1 $14 Rxc5
21. bxc5 Qc6 22. Rb1 e5 23. dxe5 Bxe5 24. Qb5 Rb8 25. a4 Qe6 26. Qb3 (26. Qa5
d4 27. Bh6 Qh3 28. Bd2 Qg4 $132) 26... Qc6 27. Qb5 Qxb5 28. axb5 Rc8 29. Rc1 a6
30. f4 Bf6 31. c6 bxc6 32. Rxc6 Rxc6 33. bxc6 Bd8 34. Bc5 Bc7 35. Kf2 (35. Bd4
Kf8 36. Be5 Bb6+ 37. Kf1 Ke7) 35... f5 36. Ke3 Kf7 37. Bd4 Ke7 38. Be5 Bb6+ 39.
Kd3 Kd8 40. Bc3 {40.Kc3 h5 Remis.} h5 {Schwarz hat eine uneinnehmbare
Blockadestellung erreicht.} 1/2-1/2

[Event "DEN-ch"]
[Site "Aarhus"]
[Date "1999.04.03"]
[Round "8"]
[White "Nielsen, Peter Heine"]
[Black "El Kher, Henrik"]
[Result "1-0"]
[WhiteElo "2515"]
[BlackElo "2338"]
[Annotator "Ftacnik,L"]
[PlyCount "55"]
[EventDate "1999.03.??"]
[EventType "tourn"]
[EventRounds "9"]
[EventCountry "DEN"]
[EventCategory "10"]
[SourceTitle "CBM 071"]
[Source "ChessBase"]
[SourceDate "1999.08.01"]
[SourceVersion "1"]
[SourceVersionDate "1999.08.01"]
[SourceQuality "1"]

1. c4 Nf6 2. g3 c6 3. Nf3 d5 4. Bg2 g6 5. b3 Bg7 6. O-O O-O 7. d4 dxc4 8. bxc4
c5 9. Bb2 Qb6 10. Qb3 (10. Qc1 cxd4 11. Nxd4 Nc6 12. Nxc6 (12. Rd1 Rd8 13. Nxc6
Rxd1+ 14. Qxd1 bxc6 $10) 12... bxc6 13. Nd2 Be6 14. Rb1 Qa6 15. Ba3 Rfe8 16.
Rb3 Nd7 17. Qc2 Rac8 18. Rc1 Nb6 19. Bc5 Qa5 {0-1 Goldin,A-Yandemirov,V/Elista/
1995/ (71)}) 10... Ne4 (10... Nfd7 11. e3 (11. e3 Nc6 12. Rd1 Na5 13. Qxb6 Nxb6
14. Bc3 Nbxc4 15. dxc5 Bg4 16. Bxg7 Kxg7 17. Nbd2 Rac8 18. Nb3 b6 19. Nxa5 bxa5
20. Rd4 Be6 21. Ng5 Rxc5 22. Nxe6+ fxe6 23. Rc1 Rfc8 24. Rd7 {1-0 Buturin,
V-Yandemirov,V/Lvov/1995/ (69)})) 11. e3 (11. Nc3 Nxc3 12. Bxc3 Nc6 13. e3 Rd8
14. Rfd1 Bg4 15. Rab1 Bxf3 16. Bxf3 cxd4 17. Qxb6 axb6 18. exd4 Nxd4 19. Bxd4
Bxd4 20. Rd2 Rac8 21. Rbd1 Rxc4 22. Be2 Ra4 {0-1 Calotescu,C-Gara,T/
Kiskunhalas/1995/ (58)}) 11... cxd4 12. Bxd4 Qa6 (12... Qxb3 13. axb3 Nc6 14.
Bxg7 Kxg7 15. Nd4 $14) (12... Bxd4 13. exd4 $14) 13. Bxg7 Kxg7 14. Nd4 Nc5 15.
Qb2 Qf6 $6 {Black has good pawn structure but poor piece development.
Unfortunatelly the last queen move is not helping the case of bringing them
into play.} (15... f6 $5 16. Nd2 e5 17. Nb5 Qb6 $13) 16. Nc3 e6 (16... e5 17.
Nd5 Qd8 18. Nb3 $14) 17. Qa3 Nbd7 18. Rab1 a6 (18... Qe5 19. Rfd1 $14) 19. Rfd1
Rb8 20. Ne4 (20. e4 Re8 21. Rb2 e5 22. Nb3 $14) 20... Nxe4 21. Bxe4 Qe5 (21...
e5 22. Nb3 (22. Nf3 Re8 23. Rd6 Qe7 24. Rbd1 Nf6 $15) 22... b6 23. Rd6 Qg5 24.
Bc6 Nf6 25. Nd2 $16) 22. Bg2 Qc7 (22... Nc5 23. Nc6 bxc6 24. Rxb8 Qxb8 25. Qxc5
$16) 23. Qe7 Kg8 {Black is terribly squeezed, but his position seems to hold
for a moment.} (23... Qxc4 $2 24. Rdc1 Qxa2 25. Ra1 Qb2 26. Nxe6+ $18) 24. h4 (
24. c5 $5 Qxc5 25. Nc6 $16) 24... Qc5 $2 (24... Qxc4 $5 $13) 25. Nc6 $1 {
Small combinbations are the salt of chess, in many positions they enable a
nice shortcut to victory.} Ra8 (25... bxc6 26. Qxc5 Rxb1 (26... Nxc5 27. Rxb8
$18) 27. Qxf8+ (27. Qd6 $18) 27... Kxf8 28. Rxb1 $18) (25... Qxe7 26. Nxe7+ Kg7
27. Nxc8 $18) 26. Rxd7 Qf5 (26... Qxc4 27. Rd8 $18) 27. e4 Qh5 28. Rd8 1-0

[Event "RUS-Cup03 Geller Memorial"]
[Site "Moscow"]
[Date "1999.02.10"]
[Round "9"]
[White "Kharitonov, Andrei Y"]
[Black "Odeev, Handszar"]
[Result "1-0"]
[WhiteElo "2562"]
[BlackElo "2403"]
[Annotator "Ftacnik,L"]
[PlyCount "71"]
[EventDate "1999.02.10"]
[EventType "swiss"]
[EventRounds "9"]
[EventCountry "RUS"]
[SourceTitle "CBM 070"]
[Source "ChessBase"]
[SourceDate "1999.06.08"]
[SourceVersion "1"]
[SourceVersionDate "1999.06.08"]
[SourceQuality "1"]

1. d4 Nf6 2. Nf3 g6 3. c4 Bg7 4. g3 c6 5. Bg2 d5 6. Nbd2 O-O 7. O-O Na6 8. b3 (
8. cxd5 cxd5 9. b3 Qa5 10. Bb2 Bf5 11. a3 Rac8 12. Ne1 Qc7 13. e3 Qd7 14. b4
Rc7 15. f3 Bh3 16. Nd3 Bxg2 17. Kxg2 Nb8 18. Qb3 Rfc8 19. Rac1 Rxc1 20. Rxc1
Rxc1 21. Bxc1 {1-0 Alatortsev,V-Ebralidze,A/Tbilisi 1937/ (51)}) (8. Re1 Be6 9.
c5 b6 10. Qa4 Qc8 11. b4 Nd7 12. Nb3 Bg4 13. Bd2 Bxf3 14. Bxf3 e5 15. e3 b5 16.
Qa3 Nc7 17. Bg2 e4 18. Na5 Ne6 19. Qb3 {1-0 Heinicke,H-Bialas,W/Hamburg 1955/ 
(51)}) 8... Bf5 (8... Ne4 9. Bb2 f5 10. e3 Be6 11. Qe2 h6 12. Rac1 Qe8 13. Ne1
Nxd2 14. Qxd2 Rd8 15. Nd3 dxc4 16. bxc4 g5 17. f4 g4 18. Qa5 Bc8 19. Qa3 {
1-0 Adorjan,A-Schoen,W/Biel 1990/ (32)}) (8... e6 9. Ne5 c5 10. Bb2 b6 11. cxd5
exd5 12. dxc5 bxc5 13. e4 Bb7 14. exd5 Bxd5 15. Ndc4 Nb4 16. a3 Bxg2 17. Kxg2
Nbd5 18. Qf3 Qc7 19. Rad1 Rad8 {1/2-1/2 Bilek,I-Varnusz,E/Budapest 1963/ (52)})
(8... c5 9. Bb2 b6 (9... cxd4 10. Bxd4 Nb4 {1/2-1/2 Donner,J-Bronstein,D/
Amsterdam 1968/ (10)}) (9... dxc4 10. Nxc4 Be6 11. Nfe5 Bd5 12. f3 Bxc4 13.
bxc4 Nd7 14. f4 Nxe5 15. dxe5 Rb8 16. Qb3 Qc8 17. Rad1 Nb4 18. Rd2 Qc7 19. Rfd1
Rfe8 20. Rd7 Qc8 21. Qa4 a6 22. Bxb7 {1-0 Lamas,P-Escandon,F/Montevideo 1992/ 
(26)}) 10. dxc5 Nxc5 11. b4 Ne6 12. cxd5 Nxd5 13. Bxg7 Nxg7 14. Qb3 Nf6 15. Ne5
Be6 16. Qb2 Bd5 17. b5 Bxg2 18. Kxg2 Ne6 19. Nc6 Qc7 {1/2-1/2 Georgiev,K-Leko,
P/Cacak 1996/ (47)}) 9. Bb2 Ne4 (9... Rc8 10. a3 dxc4 11. Nxc4 c5 12. Nfd2 b5
13. Ne3 cxd4 14. Nxf5 gxf5 15. Bb7 Rb8 16. Bxa6 Rb6 17. Nf3 Rxa6 18. Qxd4 Qxd4
19. Bxd4 Ne4 20. Rfc1 {1-0 Kurajica,B-Campora,D/Dortmund/1981/ (31)}) 10. Nh4 {
Black's position is very solid, but the knight on a6 doesn't sit pretty.} (10.
e3 Qa5 11. a3 c5 12. cxd5 b5 13. Nxe4 Bxe4 14. Ne5 Bxg2 15. Kxg2 Qd8 16. dxc5
Nxc5 17. Nc6 Qd6 18. Bxg7 Kxg7 19. Rc1 Nd7 20. Qd4+ f6 21. e4 Nb6 22. Qc5 Nc8 {
1-0 Kurajica,B-Juberias,S/Zaragoza 1994/ (22)}) (10. Ne5 Nxd2 11. Qxd2 Bxe5 12.
dxe5 dxc4 13. Qh6 cxb3 14. Rad1 Qe8 15. e4 Be6 16. f4 f6 17. f5 Bc4 18. Rf4 g5
19. Rg4 Qf7 20. exf6 exf6 21. Bxf6 Qxf6 22. Rxg5+ Kh8 23. Rg6 Qf7 {0-1
Tapaninen,J-Nokso Koivisto,A/FIN 1991/ (30)}) 10... Nxd2 11. Qxd2 Be6 (11...
Qd7 12. Nxf5 Qxf5 13. cxd5 cxd5 $14) 12. Rac1 Qd7 (12... dxc4 13. bxc4 Qd7 14.
d5 $14) (12... c5 $2 13. Rfd1 $16) 13. Nf3 Bh3 (13... dxc4 14. bxc4 Bh3 15.
Bxh3 Qxh3 16. d5 $14) 14. cxd5 cxd5 (14... Bxg2 15. Kxg2 (15. dxc6 Qh3 16. Ng5
Bh6 17. Nxh3 Bxd2 18. Kxg2 Bxc1 19. Rxc1 bxc6 20. Rxc6 Nb4 21. Rc7 Nxa2 $13)
15... cxd5 16. Ne5 $14) 15. Ne5 $1 {White must be better, since his knight
occupies better square and the rook is already on c file.} Qe6 (15... Bxe5 16.
dxe5 Bxg2 17. Kxg2 $14) 16. Bxh3 Qxh3 17. Qa5 Qe6 (17... Rfd8 18. Qb5 Rab8 19.
Nc6 $1 bxc6 20. Qxa6 $16) 18. Qb5 Bxe5 (18... Rfb8 19. Rfe1 $14) 19. dxe5 Qb6 (
19... Rfd8 20. Qxb7 $16) 20. Qxd5 Nb4 21. Qd7 Nc6 (21... Nxa2 22. Rc7 Rad8 23.
Qxe7 Rde8 24. Qd6 Qxb3 (24... Qxd6 25. exd6 $18) 25. e6 Qxe6 26. Qd4 f6 27.
Rxb7 (27. Ra1 Rf7 28. Rxf7 Qxf7 29. e3 $16) 27... Rf7 28. Rxf7 Qxf7 29. Ra1 $16
) 22. Qg4 Rad8 (22... e6 23. Rfd1 $16) 23. e6 $1 {[%mdl 128] From now on the
extra pawn is not of formal, but of an unpleasant attacking sort.} f6 24. Rfd1
Rxd1+ (24... Ne5 25. Bxe5 fxe5 26. e3 $16) 25. Rxd1 Rd8 26. Rd7 $1 (26. Rxd8+
Qxd8 27. Qc4 $16) 26... Qa5 (26... Rxd7 27. exd7 Qd8 28. Qe6+ Kg7 29. Ba3 $16)
27. Qc4 Kg7 28. b4 Qa4 (28... Qb6 29. b5 Rxd7 30. exd7 Nd8 31. Ba3 $18) 29.
Rxb7 Rd1+ (29... a5 30. a3 $18) 30. Kg2 Rb1 31. Qc3 {Black will be lost if
white pieces can get closer to his king.} Kh6 (31... Qd1 $2 32. Qxf6+ $18) (
31... Kg8 32. b5 Qd1 33. Qxc6 (33. bxc6 $2 Qh1+ 34. Kh3 Qf1+ $11) 33... Qh1+
34. Kh3 Qf1+ 35. Kh4 g5+ 36. Kg4 Qxe2+ 37. f3 $18) 32. Qd2+ g5 33. Bxf6 $1 exf6
34. Qd3 Ne7 35. Rxe7 Qc6+ 36. f3 1-0

[Event "Baden-Baden-B"]
[Site "Baden-Baden"]
[Date "1992.12.17"]
[Round "11"]
[White "Schlosser, Philipp"]
[Black "Xie, Jun"]
[Result "1-0"]
[WhiteElo "2500"]
[BlackElo "2480"]
[Annotator "Ftacnik,L"]
[PlyCount "81"]
[EventDate "1992.12.??"]
[EventType "tourn"]
[EventRounds "11"]
[EventCountry "GER"]
[EventCategory "11"]
[SourceTitle "CBM 033"]
[Source "ChessBase"]
[SourceDate "1993.04.01"]
[SourceVersion "1"]
[SourceVersionDate "1993.04.01"]
[SourceQuality "1"]

1. d4 Nf6 2. Nf3 g6 3. c4 Bg7 4. g3 O-O 5. Bg2 c6 6. Nc3 d5 7. Qb3 Qb6 8. O-O
Bf5 (8... Qxb3 9. axb3 Bf5 10. Ne5 Rd8 11. f4 Na6 12. Nxc6 bxc6 13. Rxa6 dxc4
14. b4 Nd5 15. e4 Bc8 16. Rxc6 Bxd4+ 17. Kh1 Nxb4 18. Rc7 Rd7 19. Rxc8+ Rxc8
20. Bh3 e6 21. f5 Re8 22. Nb5 Be5 23. fxe6 fxe6 24. Na3 $17 {Gofshtein,
L-Vydeslaver,A/ISL-ch (04)/1992/}) 9. Ne5 Be6 (9... Rd8 10. Bf4 (10. cxd5 Qxb3
11. axb3 cxd5 12. Bf4 h6 13. g4 Bxg4 14. Nxg4 Nxg4 15. Nxd5 Nc6 16. h3 Nf6 17.
Nxf6+ Bxf6 18. e3 e5 19. dxe5 Bxe5 20. Bxh6 Rd7 21. Rfd1 {0,5/Wojtkiewicz,
A-Pedzich,D/POL-ch (12)/1992/}) 10... Na6 (10... Be6 11. Na4 Qxb3 12. axb3 Nbd7
13. Rfc1 Rac8 14. Nc3 a6 15. Nxd7 Nxd7 16. cxd5 cxd5 17. Nxd5 Rxc1+ 18. Rxc1
Bxd4 19. Nxe7+ Kg7 20. Bxb7 Bxb2 21. Rb1 Nc5 22. Bf3 Bf6 23. Nc6 Rc8 24. Na5
$16 {Goldin,A-Schmidt,Wl/Belgrade GMA-op/1988/}) 11. c5 Qxb3 12. axb3 Rdc8 13.
Ra5 Nc7 14. Rfa1 a6 15. b4 Nh5 16. Bd2 Rd8 17. h3 Be6 18. g4 Bxe5 19. dxe5 Ng7
20. Bg5 d4 21. Na4 Re8 22. Nb6 Rad8 23. Rd1 Bb3 24. Rd3 $13 {Akopian,
V-Alterman,B/Beer-Sheva/1992/}) (9... Ng4 10. cxd5 (10. Nxg4 Bxg4 11. Be3 dxc4
12. Qxc4 Na6 13. Rfc1 Bf5 14. a3 Rac8 15. b4 Nc7 16. Bf3 Be6 17. Qd3 Nd5 18.
Nxd5 Bxd5 19. Bxd5 cxd5 20. Rc5 Rxc5 21. bxc5 Qc6 22. Rb1 e5 23. dxe5 Bxe5 24.
Qb5 $10 {Stangl,M-Ernst,T/Dortmund Op-A (9)/1992/}) 10... Qxb3 11. axb3 Nxe5
12. dxe5 Bxe5 13. Na4 Bc7 14. Nc5 cxd5 15. Bxd5 Nc6 16. Nxb7 Nd4 17. e3 Nc2 18.
Ra4 Bd3 19. Be4 Bxe4 20. Rxe4 Rfb8 21. Nc5 Bd6 22. Rc4 Bxc5 23. Rxc5 {0,5/
Petrosian,A-Ernst,T/Dortmund Op-A (7)/1992/}) 10. Rd1 (10. Qd1 Na6 11. cxd5
Nxd5 12. Na4 Qc7 13. e4 Nb6 14. Bf4 g5 15. Nxb6 Qxb6 16. Be3 Qxb2 17. Rb1 Qc3
18. Rxb7 c5 19. Bd2 Qxd4 20. Nf3 Qd3 21. Nxg5 Bc4 22. Re1 Qd4 23. Qh5 h6 24.
Nf3 $16 {Wojtkiewicz,A-Kaminski,M/Wisla BES (04)/1992/}) 10... dxc4 11. Nxc4
Qa6 (11... Qxb3 12. axb3 Nbd7 13. Na5 $1 $14) 12. d5 cxd5 13. Nxd5 Nxd5 14.
Bxd5 Bxd5 15. Rxd5 Qe6 (15... Nc6 16. Rd7 $1 $36 (16. Be3 Rfd8 17. Rad1 Rxd5
18. Rxd5 Rd8 19. Rxd8+ Nxd8 20. Qd3 Ne6 $1)) 16. Rd3 Nc6 17. Be3 Rac8 (17...
Rfd8 18. Rad1 Rac8 $10) 18. Rad1 b6 19. Qa4 h5 20. b3 h4 21. Qb5 Qg4 22. f3 (
22. Kf1 Qh3+ 23. Kg1 Qg4) 22... Qh3 23. Bf2 (23. g4 f5 24. Qd5+ Kh8 25. Qe6
fxg4 26. Qxg4 Qxg4+ 27. fxg4 $10) 23... hxg3 24. hxg3 e5 25. Nd6 Rc7 26. Rc3
Nd4 (26... Qd7 27. Rdd3 Nd4 $13) 27. Bxd4 Qxg3+ 28. Kf1 exd4 29. Rxc7 Qxd6 30.
Rc2 Bh6 (30... Qh2 31. Qg5) 31. Kg2 Kg7 32. Rc6 Qf4 33. Qd5 Re8 34. Rc2 (34.
Qxd4+ Qxd4 35. Rxd4 Rxe2+ 36. Kg3 Rxa2 $10) 34... Re5 35. Qxd4 Qf6 36. e4 Bf4
37. Qd8 Rg5+ 38. Kf2 Qe6 $2 (38... Qe5 39. Rd5) (38... Qxd8 39. Rxd8 $16) 39.
Rh1 Rh5 40. Rxh5 gxh5 41. Rc8 1-0

[Event "FIDE-Wch k.o."]
[Site "Tripoli"]
[Date "2004.06.21"]
[Round "2.1"]
[White "Aronian, Levon"]
[Black "Guseinov, Gadir"]
[Result "1-0"]
[WhiteElo "2645"]
[BlackElo "2548"]
[Annotator "Ftacnik,L"]
[PlyCount "53"]
[EventDate "2004.06.19"]
[EventType "k.o."]
[EventRounds "7"]
[EventCountry "LBY"]
[SourceTitle "CBM 102"]
[Source "ChessBase"]
[SourceDate "2004.09.23"]
[SourceVersion "1"]
[SourceVersionDate "2004.09.23"]
[SourceQuality "1"]

1. d4 Nf6 2. c4 g6 3. Nf3 Bg7 4. g3 O-O 5. Bg2 c6 6. Nc3 d5 7. Qb3 Qb6 8. O-O
Na6 9. Qxb6 axb6 10. Na4 (10. cxd5 cxd5 (10... Nxd5 11. Nxd5 cxd5 12. Bd2 e6
13. Ne5 f6 14. Nd3 Bd7 15. Bc3 Kf7 16. Rfe1 Rfe8 17. h4 Bf8 18. e3 Bc6 {
1/2-1/2 Vojinovic,G-Grujic,L/Niska Banja 1996/ (43)}) 11. Bg5 e6 12. Na4 Nb4
13. Nxb6 Rxa2 14. Rxa2 Nxa2 15. Ra1 Nb4 16. Ra8 {1-0 Jukic,M-Lindemann,S/
Vienna 1991/ (16)}) 10... Nd7 11. cxd5 cxd5 12. Bd2 $1 $146 {[%mdl 8] Very
natural move, that proves distinct white's advantage. Black has no
compensation for the inferior pawn structure.} (12. Nc3 Nf6 13. Bg5 Be6 14.
Rfc1 Nb4 15. a3 Nc6 16. Bxf6 Bxf6 17. e3 Rfd8 18. Nd2 Bg7 19. b3 Ra5 20. Na4 b5
21. Nc5 Bc8 22. b4 Ra7 23. Nf3 {1-0 Goldin,A-Daniliuk,S/St Petersburg 1993/ 
(43)}) 12... Nab8 (12... b5 13. Nc3 Nb6 14. Nxb5 Nc4 15. Bc1 Bd7 16. Nc3 $16)
13. b3 Nc6 14. e3 e5 (14... Ra6 15. Rfc1 Rd8 16. Bf1 $14) 15. Nxe5 (15. dxe5 b5
16. Nc3 Ndxe5 $14) 15... Ncxe5 (15... Ndxe5 16. dxe5 Bxe5 17. Bc3 (17. Nxb6 Ra6
18. Nxd5 Bxa1 19. Rxa1 Be6 20. Nc7 $16) 17... b5 18. Bxe5 bxa4 19. Bf6 $16) 16.
dxe5 b5 (16... Bxe5 17. Bc3 b5 18. Bxe5 bxa4 19. Bd4 $16) 17. Nc3 Bxe5 18. f4
Bg7 (18... Bxc3 $2 19. Bxc3 Re8 20. Bd4 $18) 19. Nxd5 $1 {Excellent solution,
white gets a pawn and marvelous piece play. Guseinov will suffer terribly due
to lack of squares for his pieces.} Bxa1 20. Rxa1 Rd8 (20... Ra7 21. Bb4 Re8
22. a3 b6 23. Rc1 Bb7 24. Rc7 Bxd5 25. Rxa7 Nf6 26. Bc3 Bxg2 27. Kxg2 Nd5 28.
Bd4 Nxe3+ 29. Kh3 $16) 21. Bb4 Kg7 (21... Ra7 22. Rd1 Rxa2 23. Nb6 h5 24. e4
$16) 22. Bc3+ Kf8 (22... f6 23. Nc7 $18) 23. Nc7 Rb8 (23... Ra7 24. Bb4+ Kg7
25. Nxb5 Ra6 26. Nd6 $18) 24. Rd1 {Aronian has managed to completely paralyse
forces of his opponent.} b6 (24... Ke7 25. Bb4+ Kf6 26. Bh3 b6 27. e4 Rb7 28.
Nxb5 $18) 25. Bf6 Nxf6 26. Rxd8+ Ke7 27. Rh8 (27. Rh8 Nd7 (27... h5 28. Na6
Bxa6 29. Rxb8 $18) 28. Re8+ Kd6 29. Nxb5+ Kc5 30. Na7 Ba6 31. b4+ Kd6 32. Rxb8
Nxb8 33. b5 $18) 1-0

[Event "Reggio Emilia-A 9192 34th"]
[Site "Reggio Emilia"]
[Date "1992.??.??"]
[Round "2"]
[White "Polugaevsky, Lev"]
[Black "Gelfand, Boris"]
[Result "0-1"]
[WhiteElo "2630"]
[BlackElo "2665"]
[Annotator "Ftacnik,L"]
[PlyCount "58"]
[EventDate "1991.12.??"]
[EventType "tourn"]
[EventRounds "9"]
[EventCountry "ITA"]
[EventCategory "18"]
[SourceTitle "CBM 027"]
[Source "ChessBase"]
[SourceDate "1992.04.01"]
[SourceVersion "1"]
[SourceVersionDate "1992.04.01"]
[SourceQuality "1"]

1. d4 Nf6 2. Nf3 g6 3. g3 Bg7 4. Bg2 O-O 5. O-O d5 6. Nbd2 a5 7. c4 c6 8. Ne5 (
8. b3) 8... Ng4 9. Nef3 Bf5 10. b3 Nf6 11. Bb2 a4 $5 (11... Ne4 12. Nh4 (12.
Rc1 a4 13. b4 Na6 14. a3 Nc7 15. cxd5 cxd5 16. Ne5 Nf6 17. Re1 $14 {Todorcevic,
M-Averbakh,Y/Palma GMA-op/1989/}) 12... Nxd2 13. Qxd2 Be6 14. f4 f5 15. Rfc1
Nd7 $10 {Ljubojevic,L-Uhlmann,W/Manila izt/1976/}) 12. Nh4 (12. b4 a3 13. Bc3
Na6 $132) 12... Be6 13. Qc2 a3 $1 14. Bc3 c5 15. Rad1 (15. dxc5 d4 16. Bb4 g5
$1 (16... Nc6 17. Bxc6 bxc6 18. Qc1 $13) 17. Nhf3 (17. Nf5 d3 18. Qxd3 Qxd3 19.
exd3 Bxf5 20. Bxb7 Ra7 21. c6 Bc8 $17) 17... Nc6 $19) (15. cxd5 Nxd5 $17) 15...
cxd4 16. Bxd4 Nc6 17. Bxf6 $6 (17. Ba1 Qa5 $15) 17... Bxf6 18. Ne4 $2 dxe4 $1 (
18... Bg7 $2 19. cxd5 Nb4 20. Qc4 Nxd5 21. Nc5 $36) 19. Rxd8 Rfxd8 20. Qxe4 (
20. Bxe4 Nd4 21. Qb1 Nxe2+ 22. Kg2 Rd2 $17) 20... Rd2 21. f4 (21. Qb1 Rb2 $17)
21... Rxa2 22. f5 gxf5 23. Nxf5 Ra1 $1 24. Nxe7+ (24. Rxa1 Bxa1 25. Qb1 Bf6 26.
g4 a2 $19) 24... Nxe7 25. Rxa1 Bxa1 26. Qxb7 Bd4+ 27. e3 (27. Kf1 Ra7 $19)
27... Bxe3+ 28. Kf1 Ra7 29. Qb8+ Nc8 $1 {Ftacnik,L} (29... Kg7 30. Qe5+ Kg8 31.
Qxe3) 0-1